01187nam a2200277 4500001000700000003000900007005001700016007000300033008004100036100002900077245010000106260005200206300003900258490005600297651005500353651006000408651004300468651004800511651005100559700003300610710003900643830006400682852002200746999001900768952012200787119924ES-MaACL20230906191426.0t|070214s1972 sp r ||||1| spa d1 aPintado, Antonio.99220313aLa raya de Portugal b: la frontera del subdesarrollo / cAntonio Pintado, Eduardo Barrenechea. aMadrid : bCuadernos para el Diálogo, c1972. a292 p. : b1 mapa pleg. ; c18 cm.1 aDivulgación universitaria. Le pell de brau ; v45 aEspaña-xSituación social-y1939-1975.9163951 4aEspaña-xSituación económica-y1939-1975.9163578 4aPortugal-xSituación social.9171773 4aPortugal-xSituación económica.9171772 4aPenínsula Ibérica-xDescripción.91717741 aBarrenechea, Eduardo.9259092 aCuadernos para el Diálogo.933331 aDivulgación universitaria. Le pell de brau ; v459218636 aES-MaACLjC-53175 c119924d119924 00104070aATENEOMbATENEOMcDEPO2d2008-01-17eSCl0oC-53175p1125001r2023-02-23 00:00:00w2023-02-23yMONOGRAFIA